[Event "Championnat de France des Jeunes - Juni"]
[Site "TROYES"]
[Date "2010.04.18"]
[Round "9.1"]
[White "Moucheroud, Jeremy"]
[Black "Delorme, Axel"]
[Result "1/2-1/2"]
[WhiteElo "2058"]
[BlackElo "2429"]
[PlyCount "0"]

1. e4 e5 2. Nf3 Nc6 3. d4 exd4 4. Nxd4 Bc5 5. Be3 Qf6 6. c3 Nge7 7. Bc4 Ne5 8.
Be2 Qg6 9. O-O d6 10. f3 O-O 11. Kh1 Bb6 12. a4 a6 13. Nd2 d5 14. f4 Ng4 15.
Bxg4 Bxg4 16. f5 Qh5 17. Qe1 Bxd4 18. Bxd4 dxe4 19. Bxg7 Rfe8 20. Nxe4 Kxg7 21.
f6+ Kh8 22. fxe7 Rxe7 23. Qe3 Qe5 24. Rae1 Bf5 25. Rf4 Rae8 26. Qf2 Bg6 27. Re2
Qd5 28. Rd2 Qa2 29. Qd4+ Re5 1/2-1/2

[Event "Championnat de France des Jeunes - Juni"]
[Site "TROYES"]
[Date "2010.04.18"]
[Round "9.2"]
[White "Demuth, Adrien"]
[Black "Stephan, Victor"]
[Result "1/2-1/2"]
[WhiteElo "2398"]
[BlackElo "2244"]
[PlyCount "75"]

1. d4 Nf6 2. c4 c5 3. d5 b5 4. cxb5 a6 5. e3 axb5 6. Bxb5 Qa5+ 7. Nc3 Bb7 8.
Bd2 Qb6 9. a4 Nxd5 10. Nf3 e6 11. Nxd5 Bxd5 12. Bc3 Be7 13. O-O O-O 14. Nd2 f5
15. e4 fxe4 16. Qg4 Bf6 17. Nxe4 Bxc3 18. Nxc3 Bb7 19. b4 cxb4 20. Qxb4 Nc6 21.
Qd6 Rf7 22. Ne4 Raf8 23. Qc5 Qc7 24. Nd6 Rf4 25. Nxb7 Qxb7 26. Bxc6 Qxc6 27.
Qxc6 dxc6 28. a5 Rb4 29. Ra2 Ra8 30. a6 Ra7 31. Rfa1 Kf7 32. Kf1 Ke7 33. Ke2
Kd6 34. Kd3 Kc7 35. Kc3 Rb5 36. Kc4 e5 37. Kd3 Kd6 38. Kc4 1/2-1/2

[Event "Championnat de France des Jeunes - Juni"]
[Site "TROYES"]
[Date "2010.04.18"]
[Round "9.3"]
[White "Favarel, Antoine"]
[Black "Migot, Tangi"]
[Result "0-1"]
[WhiteElo "2231"]
[BlackElo "2195"]
[PlyCount "88"]

1. e4 c5 2. Nf3 d6 3. Bb5+ Nd7 4. d4 Ngf6 5. Nc3 a6 6. Bxd7+ Nxd7 7. Bg5 h6 8.
Be3 e6 9. dxc5 dxc5 10. Bf4 Qb6 11. O-O Be7 12. Nd2 Qxb2 13. Qf3 Bf6 14. e5
Nxe5 15. Qg3 Ng6 16. Nde4 Bxc3 17. Nd6+ Kf8 18. Rab1 Qxa2 19. Nxc8 Rxc8 20.
Bd6+ Kg8 21. Qxc3 Qd5 22. Rfd1 Qc6 23. Bg3 b5 24. Rd6 Qe4 25. f3 Qa8 26. Qa5 b4
27. Rxa6 Qd5 28. Rd6 Qc4 29. Qa6 Qxa6 30. Rxa6 Kh7 31. Ra7 Rhf8 32. c3 bxc3 33.
Rc1 Ra8 34. Rc7 Rfd8 35. Be1 Nf4 36. Rxc3 Ne2+ 37. Kf2 Nxc3 38. Bxc3 Kg6 39.
Rxc5 Rac8 40. Rxc8 Rxc8 41. Bd4 Rc4 42. Ba1 f6 43. g4 e5 44. Kg3 Rc2 0-1

[Event "Championnat de France des Jeunes - Juni"]
[Site "TROYES"]
[Date "2010.04.18"]
[Round "9.4"]
[White "Blum, Nicolas"]
[Black "Dubois, Pierre"]
[Result "1-0"]
[WhiteElo "2268"]
[BlackElo "1882"]
[PlyCount "61"]

1. e4 e5 2. Bc4 Nf6 3. d3 Nc6 4. Nc3 Bb4 5. Bg5 d6 6. Nge2 Be6 7. O-O h6 8.
Bxf6 Qxf6 9. Nd5 Bxd5 10. exd5 Ne7 11. c3 Bc5 12. Qb3 Bb6 13. a4 a5 14. Qb5+
Kf8 15. d4 g6 16. dxe5 Qxe5 17. Rae1 Qf6 18. Ng3 Nf5 19. Ne4 Qh4 20. g3 Qh3 21.
Be2 Kg7 22. Bf3 Nh4 23. Bh1 Qg4 24. Nxd6 Nf3+ 25. Bxf3 Qxf3 26. Nc4 h5 27. Nxb6
h4 28. Qe2 Qxe2 29. Rxe2 cxb6 30. Rfe1 Rad8 31. c4 1-0

[Event "Championnat de France des Jeunes - Juni"]
[Site "TROYES"]
[Date "2010.04.18"]
[Round "9.5"]
[White "Valles, Manuel"]
[Black "Younes, Jean-Francois"]
[Result "1-0"]
[WhiteElo "2242"]
[BlackElo "1777"]
[PlyCount "40"]

1. d4 f5 2. c4 g6 3. Nc3 Bg7 4. h4 h6 5. Nh3 e6 6. e4 fxe4 7. Nf4 Qf6 8. Be3
Ne7 9. Nxe4 Qf5 10. Bd3 Qa5+ 11. Nc3 Rg8 12. O-O Nbc6 13. Nb5 Nxd4 14. Nxd4 e5
15. Nb3 Qa4 16. Nxg6 Qc6 17. Qh5 Kd8 18. Nxe7 Kxe7 19. Qg6 d6 20. Be4 Qd7 1-0

[Event "Championnat de France des Jeunes - Juni"]
[Site "TROYES"]
[Date "2010.04.18"]
[Round "9.6"]
[White "Levitt, Olivier"]
[Black "Robert, Bastien"]
[Result "0-1"]
[WhiteElo "2004"]
[BlackElo "2052"]
[Annotator "Rivier,Sylvain"]
[PlyCount "69"]

1. e4 c5 2. Nf3 Nc6 3. Bb5 g6 4. O-O Bg7 5. Re1 e6 6. c3 Nge7 7. d3 O-O 8. Be3
b6 9. Qc1 Bb7 10. Bh6 a6 11. Bxg7 Kxg7 12. Ba4 Qc7 13. Nbd2 f5 14. Nf1 b5 15.
Bc2 fxe4 16. dxe4 Ne5 17. Nxe5 Qxe5 18. Qd2 d6 19. h3 Rad8 20. Nh2 h5 21. Nf3
Qf6 22. Qg5 e5 23. Rad1 Bc8 24. Qxf6+ Rxf6 25. Nxe5 Rdf8 26. Nf3 Bxh3 27. e5
dxe5 28. Rxe5 Nc6 29. Rxc5 Bxg2 30. Kxg2 Rxf3 31. Rd2 R3f6 32. Be4 Na5 33. b3
Kh6 34. f3 Re8 35. Rd7 {suite illisible} 0-1

[Event "Championnat de France des Jeunes - Juni"]
[Site "TROYES"]
[Date "2010.04.18"]
[Round "9.7"]
[White "Nooshian, Kevin"]
[Black "Bressac, Stephane"]
[Result "1-0"]
[WhiteElo "1910"]
[BlackElo "2197"]
[PlyCount "81"]

1. e4 c5 2. Nf3 d6 3. d4 cxd4 4. Nxd4 Nf6 5. Nc3 a6 6. a4 Nc6 7. Be2 e5 8. Nf3
Be7 9. Bg5 Be6 10. Bxf6 Bxf6 11. Nd5 Qa5+ 12. c3 Bxd5 13. Qxd5 Qxd5 14. exd5
Ne7 15. c4 O-O 16. O-O b5 17. axb5 axb5 18. Nd2 bxc4 19. Nxc4 Rxa1 20. Rxa1
Nxd5 21. Nxd6 Nf4 22. Bc4 Be7 23. Nxf7 Rxf7 24. Ra8+ Bf8 25. Ra7 Ng6 26. Bxf7+
Kh8 27. Bxg6 hxg6 28. Ra8 Kg8 29. Kf1 Kf7 30. Rxf8+ Kxf8 31. Ke2 Ke7 32. Ke3
Ke6 33. Ke4 Kd6 34. h4 Ke6 35. b4 Kd6 36. g3 Kc6 37. b5+ Kd6 38. g4 Kc5 39.
Kxe5 Kxb5 40. Kf4 Kc5 41. Kg5 1-0

[Event "Championnat de France des Jeunes - Juni"]
[Site "TROYES"]
[Date "2010.04.18"]
[Round "9.8"]
[White "Charrais, Kevin"]
[Black "Poignot, Quentin"]
[Result "1/2-1/2"]
[WhiteElo "1888"]
[BlackElo "2138"]
[PlyCount "63"]

1. e4 c5 2. Nf3 e6 3. d4 cxd4 4. c3 Nf6 5. e5 Nd5 6. cxd4 d6 7. Nc3 Nxc3 8.
bxc3 Nd7 9. exd6 Bxd6 10. Bd3 O-O 11. O-O b6 12. Re1 Bb7 13. Rb1 Rc8 14. Bd2
Nf6 15. c4 Qc7 16. h3 Rfd8 17. Bc3 Ba6 18. Nd2 b5 19. Ne4 Nxe4 20. Rxe4 bxc4
21. Bc2 Be7 22. Rg4 Bf6 23. Qf3 Kh8 24. Rf4 Rd5 25. Be4 Bb7 26. Re1 Qe7 27.
Bxd5 Bxd5 28. Qxd5 exd5 29. Rxe7 Bxe7 30. Rxf7 Re8 31. Rf5 Rd8 32. Rf7 1/2-1/2

[Event "Championnat de France des Jeunes - Juni"]
[Site "TROYES"]
[Date "2010.04.18"]
[Round "9.9"]
[White "Lemarchand, Matthieu"]
[Black "Figier, Anthony"]
[Result "1/2-1/2"]
[WhiteElo "1833"]
[BlackElo "1592"]
[PlyCount "124"]

1. e4 e5 2. Nf3 Nc6 3. d4 exd4 4. Nxd4 Nf6 5. Nxc6 bxc6 6. Bd3 Qe7 7. Qe2 g6 8.
Bg5 Qe5 9. Bd2 Qxb2 10. O-O Bg7 11. Bc3 Qb6 12. Qf3 c5 13. Na3 O-O 14. Rab1 Qc6
15. Nc4 Qe6 16. Ne3 c6 17. e5 Ne8 18. Bc4 Qe7 19. Ng4 Qh4 20. g3 Qh5 21. e6
fxe6 22. Bxe6+ dxe6 23. Qxc6 Bxc3 24. Qxa8 Ba6 25. Rb8 Qxg4 26. Rfb1 Qf5 27.
Rxe8 Qxf2+ 28. Kh1 Bc4 29. Rxf8+ Qxf8 30. Qxf8+ Kxf8 31. Rb8+ Kg7 32. Rb7+ Kh6
33. Rxa7 Bd5+ 34. Kg1 c4 35. Kf1 Bd4 36. Rd7 c3 37. a4 Bb6 38. Ke2 Bg1 39. a5
Bxh2 40. Kf1 Bxg3 41. a6 Bc4+ 42. Kg2 Bxa6 43. Kxg3 Bc4 44. Rc7 Bd5 45. Rxc3
Kg5 46. Rc7 h5 47. c4 Bh1 48. Rc5+ Kf6 49. Ra5 g5 50. c5 h4+ 51. Kg4 Bg2 52.
Ra6 h3 53. Kg3 Ke7 54. Ra7+ Kf6 55. Rc7 Ke5 56. Rd7 g4 57. Rd8 Kf6 58. Rd7 e5
59. Rd8 Ke7 60. Rd2 Ke6 61. Rd1 Bd5 62. Rd2 Bf3 1/2-1/2

[Event "Championnat de France des Jeunes - Juni"]
[Site "TROYES"]
[Date "2010.04.18"]
[Round "9.10"]
[White "Poey-Durut, Peio"]
[Black "Durandeau, Jean-Marie"]
[Result "1/2-1/2"]
[WhiteElo "1995"]
[BlackElo "2040"]
[PlyCount "44"]

1. e4 c6 2. d4 d5 3. exd5 cxd5 4. Bd3 Nf6 5. c3 Bg4 6. f3 Bh5 7. Ne2 Qd7 8. O-O
Bg6 9. Bg5 e6 10. f4 Bxd3 11. Qxd3 Ne4 12. Bh4 f5 13. Nd2 Nc6 14. Nxe4 dxe4 15.
Qd2 Be7 16. Bxe7 Nxe7 17. c4 O-O 18. Rfd1 Rfd8 19. Rac1 Rac8 20. b4 Qa4 21. a3
Rd7 22. Qa2 Rcd8 1/2-1/2

[Event "Championnat de France - Juniors Filles"]
[Site "TROYES"]
[Date "2010.04.18"]
[Round "8.1"]
[White "Richard, Emma"]
[Black "Forestier, Carole"]
[Result "1/2-1/2"]
[WhiteElo "2116"]
[BlackElo "2127"]
[PlyCount "29"]

1. e4 c6 2. Nc3 d5 3. Nf3 Bg4 4. h3 Bxf3 5. Qxf3 Nf6 6. d3 e6 7. a3 Nbd7 8. g3
Bc5 9. Bg2 O-O 10. O-O a5 11. Qe2 Bd4 12. Nb1 Qc7 13. Nd2 Ba7 14. Nf3 dxe4 15.
dxe4 1/2-1/2

[Event "Championnat de France - Juniors Filles"]
[Site "TROYES"]
[Date "2010.04.18"]
[Round "8.2"]
[White "Armas, Lara-Maria"]
[Black "Peyre, Camille"]
[Result "1/2-1/2"]
[WhiteElo "2008"]
[BlackElo "1931"]
[PlyCount "48"]

1. d4 Nf6 2. c4 e6 3. Nc3 Bb4 4. Qc2 d5 5. e3 O-O 6. Nf3 Nbd7 7. cxd5 exd5 8.
Bd3 c6 9. O-O Re8 10. a3 Bd6 11. Re1 Nf8 12. e4 dxe4 13. Nxe4 Nxe4 14. Bxe4 Bg4
15. Ng5 Ng6 16. Be3 Be7 17. Nf3 Be6 18. Ne5 Bf6 19. f4 Bd5 20. Rad1 Bh4 21.
Bxd5 Qxd5 22. Re2 Rad8 23. Rf1 Bf6 24. Rd2 Bh4 1/2-1/2

[Event "Championnat de France - Juniors Filles"]
[Site "TROYES"]
[Date "2010.04.18"]
[Round "8.3"]
[White "Vinckier, Delphine"]
[Black "Esposito, Julie"]
[Result "1/2-1/2"]
[WhiteElo "1811"]
[BlackElo "1767"]
[PlyCount "54"]

1. e4 c5 2. Nf3 Nf6 3. e5 Nd5 4. c3 e6 5. Bc4 Nc6 6. O-O Be7 7. d4 cxd4 8. cxd4
d6 9. Bxd5 exd5 10. Qb3 dxe5 11. dxe5 O-O 12. Rd1 d4 13. a3 Be6 14. Qd3 Qd5 15.
Bf4 Rfd8 16. Nbd2 Rac8 17. Ne4 h6 18. h4 Qb3 19. Qd2 d3 20. Bxh6 Nd4 21. Bg5
Ne2+ 22. Kh2 Rc2 23. Qe3 Bxg5 24. Qxg5 Rdc8 25. Nf6+ Kf8 26. Nh5 g6 27. Nf6
Rxb2 1/2-1/2

[Event "Championnat de France - Juniors Filles"]
[Site "TROYES"]
[Date "2010.04.18"]
[Round "8.4"]
[White "Le Berre, Tennessee"]
[Black "Mallard, Ophelie"]
[Result "1/2-1/2"]
[WhiteElo "1799"]
[BlackElo "1670"]
[PlyCount "81"]

1. Nf3 d5 2. d4 Nf6 3. Nc3 c6 4. Bf4 Bf5 5. e3 e6 6. h3 Nbd7 7. Nh4 Bg6 8. Nxg6
hxg6 9. Bd3 Rc8 10. e4 Bb4 11. e5 Nh7 12. Qg4 Ndf8 13. h4 c5 14. dxc5 d4 15.
Bb5+ Nd7 16. Rd1 Rxc5 17. O-O Bxc3 18. Bxd7+ Qxd7 19. bxc3 Rxc3 20. Rd2 Qa4 21.
h5 Nf8 22. Qg5 Rxh5 23. Qg4 Rxc2 24. Rxc2 Qxc2 25. Rc1 Qxa2 26. Rc8+ Kd7 27.
Rc1 Rf5 28. Qf3 Qd5 29. Qg4 b5 30. Be3 d3 31. Bxa7 d2 32. Rd1 Rxe5 33. Be3 Rxe3
34. fxe3 Ke7 35. Qb4+ Ke8 36. Rxd2 Qc4 37. Qa5 Nd7 38. Kf2 Qh4+ 39. Kf1 Qh1+
40. Kf2 Qh4+ 41. Kf1 1/2-1/2

[Event "Championnat de France - Juniors Filles"]
[Site "TROYES"]
[Date "2010.04.18"]
[Round "8.5"]
[White "Bartolo, Alexia"]
[Black "Sanchez, Amelie"]
[Result "0-1"]
[WhiteElo "1553"]
[BlackElo "1860"]
[PlyCount "81"]

1. e4 e5 2. Nc3 Nf6 3. Bc4 Bc5 4. d3 h6 5. f4 d6 6. h3 Nc6 7. Nf3 a6 8. a3 exf4
9. d4 Ba7 10. O-O Ne5 11. Ba2 g5 12. Kh1 Ng6 13. e5 Nh5 14. Re1 Ng3+ 15. Kh2
O-O 16. Ne4 dxe5 17. Nxg3 fxg3+ 18. Kxg3 exd4 19. Qd3 Qd6+ 20. Kf2 Qf6 21. Kg1
Bf5 22. Qd2 d3+ 23. Kh1 dxc2 24. Qc3 Qxc3 25. bxc3 Rfe8 26. Bb2 Nf4 27. Ne5 Be6
28. c4 f6 29. Ng4 Bxg4 30. Rxe8+ Rxe8 31. hxg4 Nd3 32. Bb3 Nxb2 33. Bxc2 Re2
34. Bf5 Bd4 35. Rb1 Rd2 36. Be6+ Kg7 37. Re1 Rd1 38. Rxd1 Nxd1 39. Bc8 b6 40.
Bxa6 Ne3 41. a4 0-1

[Event "Championnat de France - Juniors Filles"]
[Site "TROYES"]
[Date "2010.04.18"]
[Round "8.6"]
[White "Langlet, Stephanie"]
[Black "Belier, Marie"]
[Result "1/2-1/2"]
[WhiteElo "1470"]
[BlackElo "1430"]
[PlyCount "94"]

1. e4 e5 2. Nf3 Nc6 3. d4 exd4 4. Nxd4 Bc5 5. Be3 Qf6 6. c3 Nge7 7. Bc4 Ne5 8.
Bb3 d6 9. O-O Qg6 10. f3 h5 11. Nd2 h4 12. Kh1 Bd7 13. Nc4 O-O-O 14. Nxe5 dxe5
15. Nc2 Bb5 16. Qe1 Bxe3 17. Qxe3 Bxf1 18. Rxf1 Rd7 19. Qxa7 Qa6 20. Qxa6 bxa6
21. Bxf7 Rhd8 22. Be6 Ng6 23. Bxd7+ Rxd7 24. Ne3 Rd2 25. Rb1 Nf4 26. g3 hxg3
27. hxg3 Ne2 28. g4 Nf4 29. Nc4 Rf2 30. Nxe5 Kd8 31. a3 Ke7 32. Nc6+ Kd6 33.
Nd4 c5 34. Nf5+ Ke5 35. Nxg7 Rxf3 36. Nh5 Rh3+ 37. Kg1 Nxh5 38. gxh5 Kxe4 39.
Rd1 Rxh5 40. Kf1 Kf3 41. Rd3+ Ke4 42. Rd2 Kf3 43. Rf2+ Ke3 44. b4 c4 45. a4 Kd3
46. Rf3+ Kc2 47. Kg2 Kb3 1/2-1/2

[Event "Championnat de France des Jeunes - Cade"]
[Site "TROYES"]
[Date "2010.04.18"]
[Round "9.1"]
[White "Ludwig, Remi"]
[Black "Ollier, Pablo"]
[Result "1/2-1/2"]
[WhiteElo "2200"]
[BlackElo "2294"]
[PlyCount "0"]

1. d4 Nc6 2. Nf3 d5 3. e3 Bg4 4. Be2 Nf6 5. O-O e6 6. c4 Be7 7. Nc3 O-O 8. h3
Bh5 9. Ne5 Nxe5 10. dxe5 Bxe2 11. Qxe2 Ne4 12. Nxe4 dxe4 13. Rd1 Qe8 14. Qc2
Qc6 15. b3 Rfd8 16. Bb2 Rd3 17. Rxd3 exd3 18. Qxd3 Rd8 19. Qe2 Qd7 20. Kf1 Qd2
21. Bd4 Qa5 22. Qc2 h6 23. Bc3 Qa3 24. Ke2 a5 25. Rd1 Rxd1 26. Kxd1 Qc5 27. Qd3
a4 28. Qd7 axb3 29. axb3 Qa3 30. Qa4 Qxa4 31. bxa4 Kf8 32. g4 Ke8 33. Kc2 Kd7
34. f4 g6 35. Kb3 Bh4 36. Bb4 Bf2 37. Bd2 Kc6 38. Kc3 Kc5 39. Kd3 h5 40. Bc3
Bg3 41. Ba5 b6 42. Bd2 Bh4 43. Kc3 hxg4 44. hxg4 Bg3 45. Kb3 Bh4 46. Bb4+ Kc6
47. Kc2 Bd8 48. Kd3 Kb7 49. Ke4 c6 50. f5 c5 51. Be1 gxf5+ 52. gxf5 Kc6 53. f6
Bc7 54. Bc3 Kd7 55. Kd3 Kc6 56. Kc2 Kd7 57. Kb3 Kc6 58. Ka3 Bd8 59. Kb3 Bc7 60.
Kc2 Bd8 61. Kd3 Bc7 62. Ke4 Bd8 63. Kf4 Bc7 64. Kg5 Kd7 65. Kh6 Ke8 66. Kg7 Bd8
67. Ba1 Bc7 68. Bb2 Bb8 69. Bc3 Bc7 70. Kg8 Bd8 71. Be1 Bc7 72. Bg3 Bb8 73. Kg7
Bc7 74. Kh6 Kd7 75. Kg5 1/2-1/2

[Event "Championnat de France des Jeunes - Cade"]
[Site "TROYES"]
[Date "2010.04.18"]
[Round "9.2"]
[White "Massoni, Michael"]
[Black "Dionisi, Thomas"]
[Result "1-0"]
[WhiteElo "2292"]
[BlackElo "2142"]
[PlyCount "101"]

1. e4 c5 2. Nf3 Nc6 3. d4 cxd4 4. Nxd4 e5 5. Nxc6 bxc6 6. Bc4 Nf6 7. Qe2 Be7 8.
O-O O-O 9. Nc3 d6 10. h3 Be6 11. Bxe6 fxe6 12. Rd1 Qe8 13. Rd3 Nh5 14. Qg4 Qf7
15. Rf3 Qg6 16. Qxg6 hxg6 17. Rxf8+ Rxf8 18. Be3 a6 19. Na4 Nf6 20. Bg5 Kf7 21.
Bxf6 gxf6 22. Kf1 f5 23. Re1 Bf6 24. Re3 Rb8 25. f3 Rb4 26. b3 Ke7 27. Nb2 Kd7
28. Nd3 Rb8 29. Re1 Bg5 30. Ke2 Bd8 31. Rd1 Ke7 32. a3 Ba5 33. b4 Bb6 34. c4
Bd4 35. a4 Kf6 36. Rb1 Kg5 37. g3 d5 38. cxd5 cxd5 39. b5 fxe4 40. fxe4 dxe4
41. Nf2 e3 42. Ne4+ Kf5 43. Nd6+ Kf6 44. Nc4 axb5 45. axb5 Ra8 46. b6 Ra2+ 47.
Kd3 e2 48. b7 Ba7 49. Nd2 e4+ 50. Nxe4+ Ke5 51. Rb5+ 1-0

[Event "Championnat de France des Jeunes - Cade"]
[Site "TROYES"]
[Date "2010.04.18"]
[Round "9.3"]
[White "Feryn, Alexandre"]
[Black "Song, Julien"]
[Result "0-1"]
[WhiteElo "2061"]
[BlackElo "2329"]
[PlyCount "50"]

1. e4 e6 2. d4 d5 3. Nc3 Nf6 4. e5 Nfd7 5. f4 c5 6. Nf3 Be7 7. Be3 O-O 8. g3
Nc6 9. Qd2 a6 10. Bg2 b5 11. a3 Qb6 12. O-O a5 13. Ne2 Ba6 14. dxc5 Bxc5 15.
Bxc5 Nxc5 16. Nfd4 b4 17. Rf2 Ne4 18. Bxe4 dxe4 19. c3 bxc3 20. Qxc3 Rfc8 21.
Nxc6 Rxc6 22. Qd4 e3 23. Rg2 Bb7 24. Rd1 Rc5 25. Nc3 Qc6 0-1

[Event "Championnat de France des Jeunes - Cade"]
[Site "TROYES"]
[Date "2010.04.18"]
[Round "9.4"]
[White "Buscara, Sevan"]
[Black "Bertrand, Quentin"]
[Result "1-0"]
[WhiteElo "2238"]
[BlackElo "2063"]
[Annotator "Rivier,Sylvain"]
[PlyCount "39"]

1. d4 f5 2. Nf3 Nf6 3. Bf4 g6 4. e3 Bg7 5. h3 O-O 6. Nc3 d6 7. Bc4+ d5 8. Bd3
c5 9. dxc5 Nc6 10. Bb5 Be6 11. Ng5 Qd7 12. O-O Rad8 13. Be5 Bh6 14. Nf3 Qc8 15.
Bxc6 bxc6 16. Qd4 Rf7 17. h4 f4 18. Nh2 g5 19. exf4 gxh4 20. f3 {suite
illisible} 1-0

[Event "Championnat de France des Jeunes - Cade"]
[Site "TROYES"]
[Date "2010.04.18"]
[Round "9.5"]
[White "Silva, Francis"]
[Black "Villegas, Pierre"]
[Result "0-1"]
[WhiteElo "2064"]
[BlackElo "2257"]
[PlyCount "55"]

1. d4 g6 2. Nf3 Bg7 3. c4 d6 4. Nc3 c5 5. d5 Bxc3+ 6. bxc3 f5 7. h4 Nf6 8. e3
Qa5 9. Qb3 Nbd7 10. Bd3 Nb6 11. Ng5 Bd7 12. Ne6 Rc8 13. h5 Rg8 14. hxg6 hxg6
15. Qc2 Bxe6 16. dxe6 d5 17. cxd5 c4 18. Be2 Nbxd5 19. Bf3 Rc6 20. Rb1 Qc7 21.
Qa4 a6 22. Ba3 b5 23. Qc2 Rxe6 24. Bc1 Qe5 25. O-O Ng4 26. g3 Qh8 27. Rd1 Qh2+
28. Kf1 0-1

[Event "Championnat de France des Jeunes - Cade"]
[Site "TROYES"]
[Date "2010.04.18"]
[Round "9.6"]
[White "Bouget, Alexandre"]
[Black "Grandadam, Nicolas"]
[Result "1/2-1/2"]
[WhiteElo "2173"]
[BlackElo "2232"]
[PlyCount "37"]

1. d4 d5 2. c4 e6 3. Nc3 c6 4. e3 Nf6 5. Nf3 a6 6. c5 Nbd7 7. Be2 Qe7 8. O-O e5
9. b4 g6 10. Bb2 Bg7 11. Nxe5 Nxe5 12. dxe5 Qxe5 13. Nb5 Qxb2 14. Nc7+ Ke7 15.
Nxa8 Ne4 16. Bd3 Nxf2 17. Qf3 Bg4 18. Qg3 Be5 19. Qh4+ 1/2-1/2

[Event "Championnat de France des Jeunes - Cade"]
[Site "TROYES"]
[Date "2010.04.18"]
[Round "9.7"]
[White "Dubessay, Bastien"]
[Black "Naudion, Gregoire"]
[Result "1-0"]
[WhiteElo "2212"]
[BlackElo "2026"]
[PlyCount "35"]

1. d4 Nf6 2. c4 c5 3. d5 e6 4. Nc3 exd5 5. cxd5 Bd6 6. g3 O-O 7. Bg2 Bc7 8. d6
Ba5 9. Nh3 Re8 10. O-O Bxc3 11. bxc3 Nc6 12. Re1 Ne4 13. Qd3 c4 14. Qxc4 Nxd6
15. Qd3 Qf6 16. Ba3 Nf5 17. e4 Nfe7 18. e5 1-0

[Event "Championnat de France des Jeunes - Cade"]
[Site "TROYES"]
[Date "2010.04.18"]
[Round "9.8"]
[White "Billon, Olivier"]
[Black "Tournier, Timothee"]
[Result "1-0"]
[WhiteElo "2084"]
[BlackElo "1897"]
[PlyCount "33"]

1. e4 e5 2. Nf3 Nc6 3. Bb5 Nd4 4. Nxd4 exd4 5. d3 Bc5 6. O-O c6 7. Bc4 d5 8.
exd5 cxd5 9. Bb5+ Kf8 10. Re1 Ne7 11. Ba4 b5 12. Bb3 a5 13. a4 b4 14. c4 bxc3
15. bxc3 dxc3 16. Nxc3 Bd4 17. Ba3 1-0

[Event "Championnat de France des Jeunes - Cade"]
[Site "TROYES"]
[Date "2010.04.18"]
[Round "9.9"]
[White "Nari, Damien"]
[Black "Di Nicolantonio, Lucas"]
[Result "1/2-1/2"]
[WhiteElo "1863"]
[BlackElo "2215"]
[PlyCount "130"]

1. e4 c5 2. Nf3 d6 3. d4 Nf6 4. Nc3 cxd4 5. Nxd4 a6 6. Qf3 e6 7. g4 Nc6 8. Nxc6
bxc6 9. g5 Nd7 10. h4 d5 11. Bh3 Be7 12. O-O O-O 13. Qg2 d4 14. Ne2 e5 15. f4
exf4 16. Nxd4 Bc5 17. c3 Ne5 18. Rd1 f3 19. Qg3 f6 20. Bxc8 Qxc8 21. Kh1 Qg4
22. Bf4 Qxg3 23. Bxg3 Rae8 24. Bxe5 fxe5 25. Nf5 Rxf5 26. exf5 e4 27. f6 e3 28.
Rf1 e2 29. f7+ Kxf7 30. Rxf3+ Kg6 31. Re1 Kh5 32. Kg2 Kg4 33. Rg3+ Kf4 34. Rh3
Kg4 35. Rg3+ Kf4 36. b4 Bb6 37. Rf3+ Kg4 38. Rg3+ Kf4 39. Rf3+ Kg4 40. c4 Bd4
41. Rg3+ Kf4 42. Rf3+ Kg4 43. a4 Re4 44. b5 axb5 45. axb5 cxb5 46. cxb5 Bb6 47.
Ra3 Bc5 48. Ra2 Rb4 49. Raxe2 Rxb5 50. Re4+ Kh5 51. R1e2 Bd6 52. Rd2 Rb4 53.
Rxb4 Bxb4 54. Rd4 Bc3 55. Rc4 Bd2 56. Kh3 h6 57. gxh6 Bxh6 58. Rc5+ g5 59. Rb5
Kg6 60. Rb6+ Kh5 61. Rb5 Kg6 62. Kg4 gxh4 63. Rb6+ Kg7 64. Kf5 Be3 65. Rb7+ Kh6
1/2-1/2

[Event "Championnat de France des Jeunes - Cade"]
[Site "TROYES"]
[Date "2010.04.18"]
[Round "9.10"]
[White "Iwanesko, Alexandre"]
[Black "Youssoupov, Moisse"]
[Result "1/2-1/2"]
[WhiteElo "2222"]
[BlackElo "1957"]
[PlyCount "43"]

1. Nf3 Nf6 2. g3 g6 3. Bg2 Bg7 4. O-O d6 5. c4 e5 6. d3 O-O 7. Nc3 h6 8. Rb1 a5
9. a3 c6 10. b4 axb4 11. axb4 Be6 12. b5 Nfd7 13. Bb2 f5 14. Ra1 Rxa1 15. Qxa1
d5 16. bxc6 bxc6 17. cxd5 cxd5 18. Rc1 e4 19. Nd2 Qb6 20. Rb1 Qa6 21. dxe4 dxe4
22. Qxa6 1/2-1/2

[Event "Championnat de France des Jeunes - Cade"]
[Site "TROYES"]
[Date "2010.04.18"]
[Round "9.1"]
[White "Soubirou, Oriane"]
[Black "Lefevre, Margaux"]
[Result "1-0"]
[WhiteElo "2017"]
[BlackElo "2036"]
[PlyCount "0"]

1. d4 Nf6 2. c4 c5 3. d5 e6 4. Nf3 exd5 5. cxd5 d6 6. Nc3 g6 7. e4 Bg7 8. Bg5
O-O 9. Bd3 a6 10. a4 Nbd7 11. O-O Re8 12. h3 Rb8 13. Re1 Qc7 14. Qe2 h6 15. Bf4
Nh5 16. Bh2 Ne5 17. g4 Nf6 18. Nxe5 dxe5 19. Rad1 Nh7 20. Bc4 Qd6 21. Qe3 Bd7
22. f4 b5 23. axb5 axb5 24. Bf1 b4 25. Ne2 Rbc8 26. Bg2 c4 27. Rc1 exf4 28.
Bxf4 Qc5 29. Qxc5 Rxc5 30. Bd6 Rcc8 31. Bxb4 Bxb2 32. Rc2 Be5 33. Rec1 Bb5 34.
Bc3 Bd6 35. Ra1 Ng5 36. Ra5 Bd7 37. Ra6 Bc5+ 38. Bd4 Bxd4+ 39. Nxd4 Nxe4 40.
Ra7 Rcd8 41. Rxc4 Nd6 42. Rcc7 Bc8 43. Re7 Rxe7 44. Rxe7 Kf8 45. Rc7 Rd7 46.
Rc2 Bb7 47. Rc5 Ke8 48. Kf2 Re7 49. Nb5 Nxb5 50. Rxb5 Rd7 51. Ke3 Kd8 52. Kd4
Kc7 53. Ke5 Ba6 54. Rc5+ Kb6 55. Rc6+ Kb7 56. d6 Ka7 57. Bd5 Bb7 58. Rc7 Rxc7
59. dxc7 f6+ 60. Kxf6 Ba6 61. Be6 1-0

[Event "Championnat de France des Jeunes - Cade"]
[Site "TROYES"]
[Date "2010.04.18"]
[Round "9.2"]
[White "Armas, Lena"]
[Black "Le Bail, Arielle"]
[Result "0-1"]
[WhiteElo "1816"]
[BlackElo "1847"]
[PlyCount "94"]

1. e4 e6 2. d3 d5 3. Qe2 Nf6 4. Nf3 Be7 5. g3 O-O 6. Bg2 c5 7. e5 Ne8 8. c4 Nc7
9. Nc3 Nc6 10. O-O Rb8 11. h4 Nd4 12. Qd1 f6 13. exf6 Bxf6 14. cxd5 exd5 15.
Nxd4 Bxd4 16. Bf4 Bxc3 17. bxc3 Be6 18. Re1 Re8 19. Bxc7 Qxc7 20. Rxe6 Rxe6 21.
Bxd5 Qe5 22. Qb3 Kf7 23. d4 cxd4 24. cxd4 Qe2 25. Bc4 Qe4 26. Bd5 Qe2 27. Qc3
Kg6 28. Bxe6 Qxe6 29. Re1 Qf5 30. Re5 Qb1+ 31. Kg2 h6 32. Qc7 Rg8 33. d5 Qxa2
34. Qxb7 Kh7 35. Re7 Qd2 36. Rd7 a5 37. d6 Qb4 38. Qd5 a4 39. Ra7 Rf8 40. Qd3+
Kg8 41. Qd5+ Kh7 42. Qe5 Qg4 43. Qe7 Qf3+ 44. Kh3 Qf5+ 45. Kg2 Qxf2+ 46. Kh3
Qf1+ 47. Kg4 Qf5# 0-1

[Event "Championnat de France des Jeunes - Cade"]
[Site "TROYES"]
[Date "2010.04.18"]
[Round "9.3"]
[White "Auvray, Juliette"]
[Black "De Seroux, Camille"]
[Result "1-0"]
[WhiteElo "1974"]
[BlackElo "2019"]
[PlyCount "63"]

1. e4 c5 2. Nf3 d6 3. d4 cxd4 4. Nxd4 Nf6 5. Nc3 g6 6. Be3 Bg7 7. f3 O-O 8. Qd2
Nc6 9. Bc4 Bd7 10. O-O-O Rb8 11. Bb3 Na5 12. Bh6 Bxh6 13. Qxh6 b5 14. g4 Nxb3+
15. Nxb3 b4 16. Nd5 Nxd5 17. exd5 Rb6 18. h4 e5 19. Nd2 Qf6 20. Ne4 Qg7 21. Qe3
f5 22. gxf5 Bxf5 23. h5 Rc8 24. hxg6 Bxg6 25. Rh2 Rf8 26. Ng5 Qf6 27. Rg1 Kh8
28. Ne6 Rg8 29. Qh6 Ra6 30. Ng5 Qf4+ 31. Kb1 Rb6 32. Qxh7+ 1-0

[Event "Championnat de France des Jeunes - Cade"]
[Site "TROYES"]
[Date "2010.04.18"]
[Round "9.4"]
[White "Copin, Oceane"]
[Black "Thuret, Marine"]
[Result "0-1"]
[WhiteElo "1871"]
[BlackElo "1832"]
[PlyCount "60"]

1. e4 c5 2. Nf3 d6 3. d4 cxd4 4. Nxd4 Nf6 5. Nc3 g6 6. Be2 Bg7 7. Bg5 Nbd7 8.
O-O a6 9. Re1 b5 10. Bf1 Bb7 11. a3 O-O 12. Qd2 Qb6 13. Rad1 Rfe8 14. Kh1 Rac8
15. Bh6 Bh8 16. f4 Ng4 17. Bg5 e5 18. Qe2 Ne3 19. Qxe3 exd4 20. Qh3 dxc3 21.
Qxd7 cxb2 22. Bd3 Qc7 23. Qh3 Qa5 24. Qd7 Qc7 25. Qh3 Bc6 26. Qh4 Qa5 27. Re3
Qxa3 28. Rh3 h5 29. Be2 Qa1 30. Bxh5 b1=Q 0-1